000 00741ctm a22002055a 4500
001 L156616
008 120612s1935 xxk f 000 0 eng d
035 _a(Sirsi) u156616
041 0 _aeng
110 2 _aEdward Erdman and Co.
_95456
245 0 0 _aBalance sheet as at 18th June 1935 and revenue account for the year ended 18th June 1935
260 _c1935
300 _a1 folder
_c24 cm.
520 _aBalance sheet and revenue account for the year ended 18 June 1935. Also includes a schedule of commissions receivable from the letting of various properties in London.
651 4 _aGreat Britain
_y1707-
690 _aCommercial property
_96227
690 _aBusiness and management
710 1 _aVincent & Goodrich
942 _n0
999 _c114324
_d114324